First contest for Singapore, 1819-1824 (Record no. 373039)

000 -LEADER
fixed length control field 00411cam a22001457a 4500
008 - FIXED-LENGTH DATA ELEMENTS--GENERAL INFORMATION
fixed length control field 180718b1959 xxu||||| |||| 00| 0 eng d
082 ## - DEWEY DECIMAL CLASSIFICATION NUMBER
Classification number A6x5952 M342
100 ## - MAIN ENTRY--PERSONAL NAME
Personal name Marks, Harry J.
245 ## - TITLE STATEMENT
Title First contest for Singapore, 1819-1824
Statement of responsibility, etc. by Harry J. Marks
260 ## - PUBLICATION, DISTRIBUTION, ETC.
Place of publication, distribution, etc. The Hauge
Name of publisher, distributor, etc. Nijhoff
Date of publication, distribution, etc. 1959
300 ## - PHYSICAL DESCRIPTION
Extent 263p.
650 ## - SUBJECT ADDED ENTRY--TOPICAL TERM
Topical term or geographic name entry element Netherland - Colonies
650 ## - SUBJECT ADDED ENTRY--TOPICAL TERM
Topical term or geographic name entry element UK - Colonies
650 ## - SUBJECT ADDED ENTRY--TOPICAL TERM
Topical term or geographic name entry element Singapore - History
Holdings
Withdrawn status Lost status Damaged status Not for loan Permanent Location Current Location Date acquired Full call number Barcode Date last seen Price effective from Koha item type
        Indian Institute of Public Administration Indian Institute of Public Administration 1994-06-18 A6x5952 M342 35150 2018-07-21 2018-07-21 Book

Powered by Koha